| 000 | 00954nam a22001817a 4500 | ||
|---|---|---|---|
| 003 | OSt | ||
| 005 | 20251119084334.0 | ||
| 008 | 251119b |||||||| |||| 00| 0 eng d | ||
| 040 | _cDCL | ||
| 082 | _a၂၉၄.၃၈၂၃၅၃ | ||
| 130 |
_aတိပိဋက။ _pသုတ္တန္တပိဋက။ _pခုဒ္ဒကနိကာယ။ _tဇာတက၊ _lအဋ္ဌကထာ၊ _sနိဿယ။ |
||
| 245 |
_aဇာတကအဋ္ဌကထာနိဿယ ၊ _bနာရဒဇာတက။ |
||
| 264 |
_aရန်ကုန် ၊ _bကဝိမျက်မှန်စာပုံနှိပ်တိုက်၊ _c[ခုနှစ်မပါ]။ |
||
| 300 |
_a၇၈-၂၁၂ စာမျက်နှာ ၊ _c၂၅ စင်တီ။ |
||
| 650 |
_aဇာတက _vအဋ္ဌကထာနိဿယ။ |
||
| 650 |
_aနာရဒဇာတက _xအဋ္ဌကထာနိဿယ။ |
||
| 942 |
_2ddc _cSHORT TERM _n0 |
||
| 999 |
_c2526 _d2526 |
||